Natural Language Processing With Python (Record no. 322673)

MARC details
000 -LEADER
fixed length control field 00476nam a2200169Ia 4500
008 - FIXED-LENGTH DATA ELEMENTS--GENERAL INFORMATION
fixed length control field 230718s9999 xx 000 0 und d
020 ## - INTERNATIONAL STANDARD BOOK NUMBER
International Standard Book Number 9788184047486
041 ## - LANGUAGE CODE
Language code of text/sound track or separate title eng
082 ## - DEWEY DECIMAL CLASSIFICATION NUMBER
Classification number 005.13'3
Item number BIR
100 ## - MAIN ENTRY--PERSONAL NAME
Personal name Bird S.
9 (RLIN) 170523
245 ## - TITLE STATEMENT
Title Natural Language Processing With Python
260 ## - PUBLICATION, DISTRIBUTION, ETC. (IMPRINT)
Date of publication, distribution, etc. 2019
Name of publisher, distributor, etc. O'Reilly /SPD
300 ## - PHYSICAL DESCRIPTION
Extent 479
365 ## - TRADE PRICE
Currency code Rs.
Price amount 550.00
700 ## - ADDED ENTRY--PERSONAL NAME
Personal name Bird S.; Klein E. & Loper E.
9 (RLIN) 190786
906 ## - LOCAL DATA ELEMENT F, LDF (RLIN)
d O:0032405-Oct-2009B:144107-Sep-2009
c IT
b 110
Holdings
Withdrawn status Lost status Damaged status Not for loan Home library Current library Date acquired Vendor Budget Code Cost, normal purchase price Bill number Total Checkouts Full call number Barcode Date last seen Discount Cost, replacement price Bill Date Koha item type Original Barcode
        Cummins College of Engineering for Women Pune Cummins College of Engineering for Women Pune 10/05/2009 Tbs IT 440.00 1441   005.13'3 CCEP-BK-33880 18/07/2023 110 550.00 07/09/2009 Books 033880